Monarquía o República : (Record no. 197666)
[ view plain ]
| 000 -LEADER | |
|---|---|
| campo de control de longitud fija | 01042nam a2200277 i 4500 |
| 001 - NÚMERO DE CONTROL | |
| campo de control | 197666 |
| 003 - IDENTIFICADOR DE NÚMERO DE CONTROL | |
| campo de control | ES-MaACL |
| 005 - FECHA Y HORA DE LA ÚLTIMA TRANSACCIÓN | |
| campo de control | 20250824063104.0 |
| 008 - DATOS DE LONGITUD FIJA--INFORMACIÓN GENERAL | |
| campo de control de longitud fija | 250507b sp ||||| |||| 00| 0 spa d |
| 020 ## - NÚMERO INTERNACIONAL ESTÁNDAR DEL LIBRO | |
| Número Internacional Estándar del Libro | 9798680270905 |
| 040 ## - FUENTE DE CATALOGACIÓN | |
| Lengua de catalogación | spa |
| Centro/agencia transcriptor | ES-MaACL |
| 100 1# - ENTRADA PRINCIPAL--NOMBRE DE PERSONA | |
| 9 (RLIN) | 240795 |
| Nombre de persona | Chacón Marín, Francisco Juan |
| Término indicativo de función/relación | Autor |
| 245 ## - MENCIÓN DEL TÍTULO | |
| Título | Monarquía o República : |
| Resto del título | la Disyuntiva Española / |
| Mención de responsabilidad, etc. | Francisco Chacón Marín. |
| 260 ## - PUBLICACIÓN, DISTRIBUCIÓN, ETC. | |
| Fabricante | Amazon. |
| 300 ## - DESCRIPCIÓN FÍSICA | |
| Extensión | 123 páginas ; |
| Dimensiones | 21 cm |
| 336 ## - TIPO DE CONTENIDO | |
| Fuente | rdacontent |
| Término de tipo de contenido | texto |
| 337 ## - TIPO DE MEDIO | |
| Fuente | rdamedia |
| Nombre/término del tipo de medio | sin mediación |
| 338 ## - TIPO DE SOPORTE | |
| Fuente | rdacarrier |
| Nombre/término del tipo de soporte | volumen |
| 650 #7 - PUNTO DE ACCESO ADICIONAL DE MATERIA--TÉRMINO DE MATERIA | |
| 9 (RLIN) | 162144 |
| Término de materia o nombre geográfico como elemento de entrada | Política- |
| Subdivisión geográfica | España |
| 852 ## - LOCALIZACIÓN | |
| Ubicación | ES-MaACL |
| Ubicación en estantería | Depósito J |
| Número de control de estantería | N-10547 |
| Anotaciones manuscritas | Dedicatoria autógrafa del autor |
| Donativo/Legado | Donación: Francisco Chacón Marín |
| Encuadernación | Encuadernación rústica |
| itemnumber | 206670 |
| 903 ## - NOMBRE PERSONAL DE DONANTE | |
| 9 | 240795 |
| a | Chacón Marín, Francisco Juan |
| e | Donante |
| 942 ## - ELEMENTOS DE ENTRADA SECUNDARIOS (KOHA) | |
| Tipo de ítem Koha | Libro impreso |
| Suprimir en OPAC | No |
| Estatus retirado | Estado de pérdida | Fuente del sistema de clasificación o colocación | Estado de daño | No para préstamo | Colección | Biblioteca de origen | Biblioteca actual | Ubicación en estantería | Fecha de adquisición | Fuente de adquisición | Total de préstamos | Signatura topográfica completa | Código de barras | Visto por última vez | Precio de reemplazo | Tipo de ítem Koha |
|---|---|---|---|---|---|---|---|---|---|---|---|---|---|---|---|---|
| Clasificación decimal universal | Libros con dedicatorias | Biblioteca del Ateneo de Madrid | Biblioteca del Ateneo de Madrid | Depósito J | 22/08/2025 | Donación | N-10547 | 2025-1046 | 22/08/2025 | 22/08/2025 | Libro impreso |
